Orçamento de obras em foco : (Record no. 948)

MARC details
000 -LÍDER
Campo Fixo de Controle 00690nam a2200241 a 4500
001 - NÚMERO DE CONTROLE
Campo de Controle 948
003 - IDENTIFICAÇÃO DO NÚMERO DE CONTROLE
Campo de Controle BR-CuiBMT
005 - DATA E HORA DA ÚLTIMA ATUALIZAÇÃO
Campo de Controle 20231123210604.0
008 - DADOS FIXOS
Dados Fixos 231123s2011 spba 000 0 por d
020 ## - INTERNATIONAL STANDARD BOOK NUMBER
Nº do ISBN 9788572662369
040 ## - AGÊNCIA CATALOGADORA
Código da Agência Catalogadora BR-CuiBMT
Agência que transcreveu o registro BR-CuiBMT
080 ## - Nº DA CLASSIFICAÇÃO DECIMAL UNIVERSAL
Nº edição CDU 2007
Nº Class. CDU 624
090 ## - NÚMERO DE CHAMADA
Nº classificação 624
Cutter C268o
100 1# - ENTRADA PRINCIPAL -- AUTOR PESSOAL
Nome pessoal Cardoso, Roberto Sales
245 10 - TÍTULO PRINCIPAL
Título principal Orçamento de obras em foco :
Subtítulo um novo olhar sobre a engenharia de custos /
Indicação de responsabilidade Roberto Sales Cardoso.
250 ## - EDIÇÃO
Edição 2. ed.
260 ## - PUBLICAÇÃO, DISTRIBUIÇÃO, ETC.
Local de publicação São Paulo :
Editora Pini,
Data 2011.
300 ## - DESCRIÇÃO FÍSICA
N. páginas ou volumes 498 p. :
Ilustrações il. color. ;
Dimensões 28 cm
504 ## - NOTA DE BIBLIOGRAFIA, ETC.
Nota de bibliografia Inclui bibliografia.
650 ## - ASSUNTO TÓPICO
Cabeçalho tópico ou nome geográfico Construção
Subdivisão de forma custos
650 ## - ASSUNTO TÓPICO
Cabeçalho tópico ou nome geográfico Engenharia civil
942 ## - ELEMENTOS DE ENTRADA ADICIONAIS (KOHA)
Fonte de classificação ou esquema de arquivamento Classificação Decimal Universal
Tipo de item do Koha Livros
Holdings
Estado: removido Estado: perdido Fonte de classificação ou esquema de arquivamento Estado: danificado Indisponível para empréstimo Localização permanente Localização atual Data de aquisição Total Checkouts Número de Chamada completo Código de barras Date last seen Número do exemplar Preço efetivo a partir de Tipo de item (Koha)
    Classificação Decimal Universal     Biblioteca da Escola Superior de Contas do TCE/MT Biblioteca da Escola Superior de Contas do TCE/MT 23/11/2023   624 C268o BIBTCEMT23111001 23/11/2023 Ex. 1 23/11/2023 Livros

Powered by Koha